000 00289nam a22001337a 4500
008 170823b xxu||||| |||| 00| 0 eng d
020 _a9780073312682
041 _aeng
080 _a51
100 _a38
101 _aMAT
245 _aINTERMEDIATE ALGEBRA
_cMILLER.O
942 _2udc
_cBK
999 _c24691
_d24691